nouveau produit- so la lune - Statistiques

Statistiques générales
  • Ce quiz a été pris 56 fois
  • Le résultat moyen est 12 sur 15
Statistiques - réponses
Hint Réponse % Correct
14 ft-Lujipeka Luc Besson
97%
3 ft-Uzi Ça ira
92%
1 C-11
85%
4 Motor
85%
13 Nouveau produit
85%
7 ft-Soprano & Rim'k Tout le temps
85%
2 30 secondes
82%
11 ft-Guizmo Full piège
82%
6 Isolé
82%
12 Journal
82%
15 Le masque
82%
9 ft-Jolagreen23 Bendo toute la nuit
77%
5 Odéon
77%
10 Albator II
69%
8 STDM
64%
Aucun quiz correspondant
Distribution des résultats
% des personnes avec chaque résultat
Percentile par nombre de réponses
Votre historique - résultats
Vous n’avez pas pris ce quiz